[Event "GBR-ch73"]
[Site "Southampton"]
[Date "1986.08.01"]
[Round "5"]
[White "Prasad, Devaki"]
[Black "Roe, Simon J"]
[Result "1-0"]
[WhiteElo "2410"]
[BlackElo "2230"]
[PlyCount "77"]
[EventDate "1986.07.28"]
[EventType "swiss"]
[EventRounds "11"]
[EventCountry "GBR"]
[SourceTitle "BritBase"]
[Source "John Saunders"]
[SourceDate "2020.09.07"]
[SourceVersion "1"]
[SourceVersionDate "2020.09.07"]
[SourceQuality "2"]

1. e4 e5 2. Nf3 Nc6 3. Bb5 a6 4. Ba4 Nf6 5. O-O Be7 6. Re1 b5 7. Bb3 O-O 8. d4
d6 9. c3 Bg4 10. Be3 exd4 11. cxd4 d5 12. e5 Ne4 13. Nc3 Nxc3 14. bxc3 Na5 15.
Bc2 Nc4 16. h3 Bh5 17. g4 Bg6 18. Bf5 Rb8 19. Bf4 Rb6 20. Kh2 c5 21. Bg3 Re8
22. Qd3 b4 23. cxb4 cxb4 24. h4 a5 25. Kg2 a4 26. Rab1 Bf8 27. h5 Bxf5 28. gxf5
Qc8 29. e6 fxe6 30. Ng5 Be7 31. f6 Bxf6 32. Qxh7+ Kf8 33. h6 Qd7 34. Qg6 Bxd4
35. h7 Ke7 36. Rxb4 Rc6 37. Qf7+ Kd8 38. Rb8+ Rc8 39. Nxe6+ 1-0

[Event "GBR-ch73"]
[Site "Southampton"]
[Date "1986.08.01"]
[Round "5"]
[White "Pritchett, Craig William"]
[Black "Bell, Stephen"]
[Result "1/2-1/2"]
[WhiteElo "2400"]
[BlackElo "2360"]
[PlyCount "117"]
[EventDate "1986.07.28"]
[EventType "swiss"]
[EventRounds "11"]
[EventCountry "GBR"]
[SourceTitle "BritBase"]
[Source "John Saunders"]
[SourceDate "2020.09.07"]
[SourceVersion "1"]
[SourceVersionDate "2020.09.07"]
[SourceQuality "2"]

1. e4 d6 2. d4 Nf6 3. Nc3 g6 4. Nf3 Bg7 5. h3 O-O 6. Be3 a6 7. a4 Nc6 8. g3 e5
9. Bg2 Bd7 10. O-O Re8 11. Kh2 h5 12. dxe5 Nxe5 13. Nxe5 Rxe5 14. Bf4 Rc5 15.
Qd2 h4 16. g4 Bxg4 17. hxg4 g5 18. Be3 Nxg4+ 19. Kh1 Nxe3 20. Qxe3 Bxc3 21.
bxc3 Qf6 22. Ra3 g4 23. Rg1 Kh8 24. Bf1 Rg8 25. c4 Rg7 26. Rd3 g3 27. Rd5 Kg8
28. f4 Rg4 29. f5 Rxd5 30. cxd5 Qe5 31. Bg2 a5 32. Rf1 f6 33. Qf3 Rg7 34. Rb1
b6 35. c3 Qe8 36. Ra1 Rg5 37. Kg1 Qe5 38. Re1 Kg7 39. Rf1 Kh8 40. Rd1 Kg7 41.
Bh3 Qe8 42. Ra1 b5 43. Qd3 bxa4 44. Kg2 Kh7 45. Qc2 Qb5 46. Rxa4 Rg8 47. c4 Qc5
48. Qe2 Qd4 49. Ra2 Rb8 50. Rd2 Qc3 51. Rc2 Qd4 52. Rd2 Qc3 53. Rc2 Qd4 54. Qg4
Rb1 55. Qxh4+ Kg7 56. Qxg3+ Kf8 57. Kh2 Qd1 58. Qg2 a4 59. Bg4 1/2-1/2

[Event "GBR-ch73"]
[Site "Southampton"]
[Date "1986.08.01"]
[Round "5"]
[White "Quillan, Gary"]
[Black "Teichmann, Erik OMC"]
[Result "1-0"]
[WhiteElo "2010"]
[BlackElo "2310"]
[PlyCount "63"]
[EventDate "1986.07.28"]
[EventType "swiss"]
[EventRounds "11"]
[EventCountry "GBR"]
[SourceTitle "BritBase"]
[Source "John Saunders"]
[SourceDate "2020.09.07"]
[SourceVersion "1"]
[SourceVersionDate "2020.09.07"]
[SourceQuality "2"]

1. e4 Nc6 2. d4 e5 3. Nf3 exd4 4. c3 dxc3 5. Bc4 cxb2 6. Bxb2 d6 7. O-O Be6 8.
Bxe6 fxe6 9. Qb3 Qd7 10. Ng5 Nd8 11. f4 Nf6 12. Nc3 Be7 13. e5 Ng4 14. exd6
Bxd6 15. Nce4 h6 16. Qh3 h5 17. Rae1 Bf8 18. Qb3 Qc6 19. Kh1 Qb6 20. Qc2 Qc6
21. Qd3 Qa6 22. Qd2 Qb6 23. Rd1 Qc6 24. Rfe1 Nh6 25. Nxe6 Nxe6 26. Ng5 Bd6 27.
Bxg7 O-O-O 28. Nxe6 Nf5 29. Bxh8 Rxh8 30. Rc1 Qd7 31. Qa5 Kb8 32. Qxf5 1-0

[Event "GBR-ch73"]
[Site "Southampton"]
[Date "1986.08.01"]
[Round "5"]
[White "Rahman, Ziaur"]
[Black "Hodgson, Julian M"]
[Result "1-0"]
[WhiteElo "2305"]
[BlackElo "2500"]
[PlyCount "55"]
[EventDate "1986.07.28"]
[EventType "swiss"]
[EventRounds "11"]
[EventCountry "GBR"]
[SourceTitle "BritBase"]
[Source "John Saunders"]
[SourceDate "2020.09.07"]
[SourceVersion "1"]
[SourceVersionDate "2020.09.07"]
[SourceQuality "2"]

1. e4 c5 2. Nf3 d6 3. d4 Nf6 4. Nc3 cxd4 5. Nxd4 g6 6. Be2 Bg7 7. O-O O-O 8.
Kh1 Nc6 9. Be3 Ng4 10. Bxg4 Bxg4 11. Nxc6 Bxd1 12. Nxd8 Bxc2 13. Nxb7 Bxc3 14.
bxc3 a5 15. e5 Rfb8 16. Rac1 Ba4 17. Nxd6 exd6 18. exd6 Rb2 19. c4 Rxa2 20. c5
Bc6 21. Bg5 a4 22. Rcd1 Ra7 23. Bf6 Rc2 24. Rfe1 Bd7 25. Rb1 Ra8 26. Rb7 Be6
27. d7 Rd2 28. c6 1-0

[Event "GBR-ch73"]
[Site "Southampton"]
[Date "1986.08.01"]
[Round "5"]
[White "Smith, Alan A"]
[Black "Giulian, Philip Maurice"]
[Result "1-0"]
[WhiteElo "2280"]
[BlackElo "2225"]
[PlyCount "77"]
[EventDate "1986.07.28"]
[EventType "swiss"]
[EventRounds "11"]
[EventCountry "GBR"]
[SourceTitle "BritBase"]
[Source "John Saunders"]
[SourceDate "2020.09.07"]
[SourceVersion "1"]
[SourceVersionDate "2020.09.07"]
[SourceQuality "2"]

1. d4 e6 2. Nf3 f5 3. g3 Nf6 4. Bf4 Be7 5. c4 O-O 6. Nc3 Ne4 7. Qc2 Nxc3 8.
bxc3 b6 9. Bg2 Bb7 10. d5 Na6 11. O-O Nc5 12. Rad1 d6 13. Be3 e5 14. Bxc5 bxc5
15. Rb1 Rb8 16. Qa4 e4 17. Nd2 Bf6 18. Qxa7 e3 19. fxe3 Bxc3 20. Nb3 Qe7 21. e4
Rfe8 22. Kh1 fxe4 23. Rf4 Be5 24. Rxe4 Bc8 25. Qxb8 Bf5 26. Qb5 Bxe4 27. Bxe4
Bxg3 28. Bf3 Bf4 29. Nc1 Rf8 30. Nd3 Be3 31. Ne1 Bf4 32. Ng2 Be5 33. Qb3 Qd7
34. Be4 Qg4 35. Qd3 Qh5 36. h3 g5 37. Bf5 g4 38. Bxg4 Qf7 39. Be6 1-0

[Event "GBR-ch73"]
[Site "Southampton"]
[Date "1986.08.01"]
[Round "5"]
[White "Varley, Peter"]
[Black "Le Blancq, Simon"]
[Result "0-1"]
[WhiteElo "2210"]
[BlackElo "2270"]
[PlyCount "104"]
[EventDate "1986.07.28"]
[EventType "swiss"]
[EventRounds "11"]
[EventCountry "GBR"]
[SourceTitle "BritBase"]
[Source "John Saunders"]
[SourceDate "2020.09.07"]
[SourceVersion "1"]
[SourceVersionDate "2020.09.07"]
[SourceQuality "2"]

1. d4 Nf6 2. g3 g6 3. Bg2 d5 4. Nf3 Bg7 5. c4 O-O 6. O-O Nc6 7. Ne5 dxc4 8.
Nxc6 bxc6 9. Na3 Be6 10. Bxc6 Rb8 11. Qa4 Qxd4 12. Rd1 Qc5 13. Be3 Qh5 14. Bf3
Ng4 15. h4 Bxb2 16. Bxa7 Bxa1 17. Bxb8 Rxb8 18. Qa7 Rb4 19. Rxa1 Qe5 20. Rd1 c3
21. Rc1 Nf6 22. Nc2 Rb2 23. Nd4 Rxa2 24. Qb8+ Kg7 25. Nxe6+ fxe6 26. Qb3 Ra7
27. Rxc3 Nd5 28. Rc1 Ra1 29. Rxa1 Qxa1+ 30. Kg2 Qe5 31. Qb8 Qd6 32. h5 gxh5 33.
Bxh5 Nf6 34. Bf3 c5 35. Qb2 e5 36. Qc1 h6 37. e3 e4 38. Be2 Qe5 39. Qc4 h5 40.
Bd1 Ng4 41. Bxg4 hxg4 42. Qe2 Qe6 43. Qb2+ Kg6 44. Qc2 c4 45. Qc3 Qd5 46. Qb4
Kf7 47. Qc3 Ke6 48. Qg7 Kd6 49. Qxg4 c3 50. Qc8 Qc5 51. Qd8+ Kc6 52. Qe8+ Kc7
0-1

[Event "GBR-ch73"]
[Site "Southampton"]
[Date "1986.08.01"]
[Round "5"]
[White "Walker, David"]
[Black "Barber, Haydn J"]
[Result "1-0"]
[WhiteElo "2255"]
[BlackElo "2320"]
[PlyCount "87"]
[EventDate "1986.07.28"]
[EventType "swiss"]
[EventRounds "11"]
[EventCountry "GBR"]
[SourceTitle "BritBase"]
[Source "John Saunders"]
[SourceDate "2020.09.07"]
[SourceVersion "1"]
[SourceVersionDate "2020.09.07"]
[SourceQuality "2"]

1. d4 f5 2. Bg5 Nf6 3. Bxf6 exf6 4. c4 Bb4+ 5. Nc3 c5 6. Nf3 Nc6 7. e3 Qe7 8.
Be2 Bxc3+ 9. bxc3 d6 10. O-O O-O 11. Re1 b6 12. Bd3 Qc7 13. h4 Na5 14. h5 Qf7
15. Nh4 Nxc4 16. Qf3 Be6 17. Nxf5 Rad8 18. Bxc4 Bxc4 19. d5 Kh8 20. e4 Rfe8 21.
Re3 Re5 22. a4 Qd7 23. Rae1 Rf8 24. Qf4 Bxd5 25. Nxg7 Qxg7 26. exd5 Rg8 27. g3
Qg5 28. Qxg5 Rgxg5 29. h6 Kg8 30. f4 Rxe3 31. Rxe3 Rxd5 32. Re7 a5 33. Rg7+ Kf8
34. Rxh7 Kg8 35. Rg7+ Kh8 36. Rb7 f5 37. Kg2 Rd2+ 38. Kh3 d5 39. Rxb6 d4 40.
cxd4 Rxd4 41. Rb5 Rc4 42. Rxa5 Kh7 43. Ra6 Rb4 44. Rf6 1-0

[Event "GBR-ch73"]
[Site "Southampton"]
[Date "1986.08.01"]
[Round "5"]
[White "Ward, Christopher"]
[Black "Crawley, Gavin"]
[Result "0-1"]
[WhiteElo "2315"]
[BlackElo "2345"]
[PlyCount "66"]
[EventDate "1986.07.28"]
[EventType "swiss"]
[EventRounds "11"]
[EventCountry "GBR"]
[SourceTitle "BritBase"]
[Source "John Saunders"]
[SourceDate "2020.09.07"]
[SourceVersion "1"]
[SourceVersionDate "2020.09.07"]
[SourceQuality "2"]

1. d4 e6 2. c4 a6 3. Nc3 d5 4. cxd5 exd5 5. Nf3 Nf6 6. Bg5 Be7 7. e3 O-O 8. Bd3
Re8 9. O-O h6 10. Bh4 Nc6 11. Rc1 Ne4 12. Bxe7 Rxe7 13. Nd2 Nxc3 14. Rxc3 Qd6
15. Bb1 Na7 16. Nf3 Nb5 17. Rc1 Qf6 18. Ne5 Bf5 19. Bxf5 Qxf5 20. Qd3 Rxe5 21.
Qxf5 Rxf5 22. a4 Nd6 23. Rxc7 Rc8 24. Rfc1 Rxc7 25. Rxc7 Kf8 26. Rc5 h5 27. f3
Ke7 28. b3 Kd7 29. a5 h4 30. h3 g6 31. Kh2 Rh5 32. Kg1 Ke6 33. Kf2 Rh8 0-1

[Event "GBR-ch73"]
[Site "Southampton"]
[Date "1986.08.01"]
[Round "5"]
[White "Watts, David"]
[Black "Ravisekhar, Raja"]
[Result "1-0"]
[WhiteElo "2210"]
[BlackElo "2395"]
[PlyCount "133"]
[EventDate "1986.07.28"]
[EventType "swiss"]
[EventRounds "11"]
[EventCountry "GBR"]
[SourceTitle "BritBase"]
[Source "John Saunders"]
[SourceDate "2020.09.07"]
[SourceVersion "1"]
[SourceVersionDate "2020.09.07"]
[SourceQuality "2"]

1. e4 c5 2. Nf3 d6 3. d4 cxd4 4. Nxd4 Nf6 5. Nc3 g6 6. Be3 Bg7 7. f3 Nc6 8. Qd2
O-O 9. Bc4 Qa5 10. O-O-O Nxd4 11. Bxd4 Be6 12. Bb3 Rfc8 13. Kb1 b5 14. Rhe1
Bxb3 15. cxb3 b4 16. Bxf6 bxc3 17. Bxc3 Bxc3 18. bxc3 Rxc3 19. Re3 Rc5 20. Qxa5
Rxa5 21. Rc3 Kf8 22. Rc7 Ke8 23. Rd5 Rxd5 24. exd5 a5 25. Rb7 f5 26. Kb2 Kf7
27. Rb5 e5 28. dxe6+ Kxe6 29. f4 Ra6 30. Kc3 h6 31. h4 Rc6+ 32. Kd3 Ra6 33. Kc3
Rc6+ 34. Kd3 Ra6 35. g3 Ra8 36. Kd4 Ra6 37. Kd3 Ra8 38. Kd4 Ra6 39. a3 Ra8 40.
Kd3 Ra6 41. Kc3 Rc6+ 42. Kd2 Ra6 43. Kd3 Ra8 44. Kd4 Ra6 45. Rb8 Rc6 46. Re8+
Kf7 47. Re3 Rb6 48. Kc4 Rb8 49. Kd5 Rb6 50. Kc4 Rb8 51. b4 axb4 52. axb4 Rc8+
53. Kd5 Rb8 54. Rb3 Rb6 55. b5 Ke7 56. Kc4 Kd7 57. Re3 Rb8 58. Kb4 Rc8 59. Rc3
Rb8 60. Ka5 Ra8+ 61. Kb6 Ra4 62. Rd3 Rb4 63. Ka6 Kc7 64. Rc3+ Kd7 65. b6 Ra4+
66. Kb5 Ra1 67. Rc7+ 1-0

[Event "GBR-ch73"]
[Site "Southampton"]
[Date "1986.08.01"]
[Round "5"]
[White "Yeo, Michael J"]
[Black "Basman, Michael John"]
[Result "1/2-1/2"]
[WhiteElo "2240"]
[BlackElo "2395"]
[PlyCount "87"]
[EventDate "1986.07.28"]
[EventType "swiss"]
[EventRounds "11"]
[EventCountry "GBR"]
[SourceTitle "BritBase"]
[Source "John Saunders"]
[SourceDate "2020.09.07"]
[SourceVersion "1"]
[SourceVersionDate "2020.09.07"]
[SourceQuality "2"]

1. e4 e6 2. d4 a6 3. Nf3 b5 4. Bd3 c5 5. c3 Bb7 6. O-O Nf6 7. Re1 Be7 8. Bg5 h6
9. Bxf6 gxf6 10. Nbd2 Qc7 11. a4 c4 12. Bc2 Nc6 13. axb5 axb5 14. Rxa8+ Bxa8
15. d5 Ne5 16. Nd4 Qb6 17. N2f3 Bc5 18. dxe6 dxe6 19. Re2 Nxf3+ 20. Nxf3 Ke7
21. Rd2 Bc6 22. Nd4 Ra8 23. b4 cxb3 24. Nxc6+ Qxc6 25. Bxb3 Bd6 26. Ra2 Rxa2
27. Bxa2 Qxc3 28. g3 Bc5 29. Bb3 Qb2 30. Qc2 Qd4 31. Kg2 b4 32. f3 Kd6 33. f4
Qg1+ 34. Kh3 Qe3 35. Ba4 Ke7 36. Bb3 Kf8 37. f5 Qc3 38. Qxc3 bxc3 39. Kg4 Ke7
40. Kf3 Kd6 41. fxe6 fxe6 42. Bc2 Ke5 43. g4 Kd4 44. h4 1/2-1/2

[Event "GBR-ch73"]
[Site "Southampton"]
[Date "1986.08.02"]
[Round "6"]
[White "Barber, Haydn J"]
[Black "Chin, Francis"]
[Result "1-0"]
[WhiteElo "2320"]
[BlackElo "2075"]
[PlyCount "71"]
[EventDate "1986.07.28"]
[EventType "swiss"]
[EventRounds "11"]
[EventCountry "GBR"]
[SourceTitle "BritBase"]
[Source "John Saunders"]
[SourceDate "2020.09.07"]
[SourceVersion "1"]
[SourceVersionDate "2020.09.07"]
[SourceQuality "2"]

1. e4 e6 2. d4 d5 3. Nc3 Bb4 4. e5 c5 5. a3 Bxc3+ 6. bxc3 Qc7 7. Qg4 f6 8. Qg3
Nc6 9. Nf3 c4 10. exf6 Qxg3 11. f7+ Kxf7 12. hxg3 Nf6 13. Ng5+ Kg6 14. Be2 Bd7
15. Be3 b6 16. O-O-O h6 17. Nh3 Kf7 18. g4 Rag8 19. g5 hxg5 20. Nxg5+ Ke7 21.
Bf4 Be8 22. Rhe1 Kd7 23. Bf3 Nd8 24. Rd2 Bh5 25. Rde2 Re8 26. Bxh5 Rxh5 27. f3
Nh7 28. Nh3 g5 29. Bg3 Nf7 30. Nf2 Nf6 31. Be5 Nxe5 32. Rxe5 Re7 33. R1e2 Nh7
34. Nh3 Rh6 35. Nxg5 Rg7 36. Nxe6 1-0

[Event "GBR-ch73"]
[Site "Southampton"]
[Date "1986.08.02"]
[Round "6"]
[White "Basman, Michael John"]
[Black "Arkell, Keith C"]
[Result "1-0"]
[WhiteElo "2395"]
[BlackElo "2350"]
[PlyCount "115"]
[EventDate "1986.07.28"]
[EventType "swiss"]
[EventRounds "11"]
[EventCountry "GBR"]
[SourceTitle "BritBase"]
[Source "John Saunders"]
[SourceDate "2020.09.07"]
[SourceVersion "1"]
[SourceVersionDate "2020.09.07"]
[SourceQuality "2"]

1. g4 e5 2. c4 h5 3. gxh5 Rxh5 4. Nc3 Nc6 5. d3 d6 6. Bg2 Nf6 7. h4 Ng4 8. Nf3
Nd4 9. Bg5 f6 10. Bd2 f5 11. Bg5 Be7 12. Bxe7 Qxe7 13. Nxd4 exd4 14. Nd5 Qd8
15. Qa4+ c6 16. Nf4 Rh6 17. h5 Bd7 18. Qb4 Qc7 19. Qd2 O-O-O 20. b4 Kb8 21. a4
d5 22. cxd5 Qe5 23. Ng6 Qd6 24. Rc1 cxd5 25. Rc5 Bc6 26. Qg5 a5 27. bxa5 Be8
28. Nf4 Rf6 29. Rc1 Qb4+ 30. Kf1 Qd2 31. Re1 Bxa4 32. Bf3 Rd7 33. Kg2 Ka7 34.
Ra1 Bc6 35. Rhd1 Qc3 36. Ng6 Qc5 37. Qf4 Qd6 38. Qxd4+ Kb8 39. Rh1 Re6 40. Nf4
Re8 41. a6 Re4 42. dxe4 Qxf4 43. axb7 Rxb7 44. Rh3 Ne5 45. e3 Nxf3 46. Rxf3
Qg4+ 47. Rg3 Qxe4+ 48. Qxe4 fxe4 49. Rg5 Rf7 50. Rg6 Bb7 51. Ra4 Kc7 52. Kg1
Kc8 53. Rb4 Kc7 54. Kf1 Bc8 55. Rb5 Bb7 56. Ke2 Kd8 57. Rb1 Ke8 58. h6 1-0

[Event "GBR-ch73"]
[Site "Southampton"]
[Date "1986.08.02"]
[Round "6"]
[White "Bell, Stephen"]
[Black "Findlay, Ian T"]
[Result "1/2-1/2"]
[WhiteElo "2360"]
[BlackElo "2375"]
[PlyCount "120"]
[EventDate "1986.07.28"]
[EventType "swiss"]
[EventRounds "11"]
[EventCountry "GBR"]
[SourceTitle "BritBase"]
[Source "John Saunders"]
[SourceDate "2020.09.07"]
[SourceVersion "1"]
[SourceVersionDate "2020.09.07"]
[SourceQuality "2"]

1. d4 Nf6 2. Nf3 c5 3. c4 cxd4 4. Nxd4 e5 5. Nb5 d5 6. cxd5 Bc5 7. e3 O-O 8. a3
Nxd5 9. b4 Bb6 10. Be2 Nc6 11. O-O Be6 12. N1c3 Nxc3 13. Nxc3 Qh4 14. Qa4 Rac8
15. Bb2 Ne7 16. b5 Qg5 17. Ne4 Qg6 18. Rac1 Bd5 19. Ng3 Qe6 20. Qb4 f5 21. Rxc8
Rxc8 22. e4 fxe4 23. Nxe4 Nf5 24. Bd3 Nd4 25. Qd6 Qxd6 26. Nxd6 Rd8 27. Ne4
Nxb5 28. Ng5 h6 29. Bxb5 hxg5 30. Bxe5 Bb3 31. Rb1 Ba2 32. Ra1 Bf7 33. Bc3 Bd4
34. Bxd4 Rxd4 35. f3 Rd2 36. h3 a6 37. Bf1 Bd5 38. a4 Kf7 39. Rc1 Rd4 40. Rc7+
Kf6 41. Rd7 Rd1 42. Kf2 Bxf3 43. Rc7 Be4 44. Be2 Ra1 45. Bf3 Rxa4 46. Bxe4 Rxe4
47. Rxb7 a5 48. Ra7 a4 49. Kf3 Rf4+ 50. Kg3 Rc4 51. Kf3 Rc3+ 52. Kg4 Rc4+ 53.
Kf3 Kg6 54. Kg3 Rf4 55. Ra5 Kh5 56. Ra6 Rb4 57. Ra7 Kg6 58. Kf3 Kf6 59. Kg3 g6
60. Ra6+ Kg7 1/2-1/2

[Event "GBR-ch73"]
[Site "Southampton"]
[Date "1986.08.02"]
[Round "6"]
[White "Chandler, Murray G"]
[Black "Watson, William N"]
[Result "1/2-1/2"]
[WhiteElo "2565"]
[BlackElo "2495"]
[PlyCount "65"]
[EventDate "1986.07.28"]
[EventType "swiss"]
[EventRounds "11"]
[EventCountry "GBR"]
[SourceTitle "BritBase"]
[Source "John Saunders"]
[SourceDate "2020.09.07"]
[SourceVersion "1"]
[SourceVersionDate "2020.09.07"]
[SourceQuality "2"]

1. e4 c6 2. d4 d5 3. Nd2 dxe4 4. Nxe4 Nd7 5. Bc4 Ngf6 6. Ng5 e6 7. Qe2 Nb6 8.
Bd3 h6 9. N5f3 c5 10. dxc5 Bxc5 11. Ne5 Nbd7 12. Ngf3 Nxe5 13. Nxe5 O-O 14. Bd2
Qd5 15. O-O Bd4 16. Bf4 Bxb2 17. Rad1 Qc5 18. c4 Bd4 19. Bb1 b6 20. Rd3 Bb7 21.
Rg3 Kh8 22. Bxh6 gxh6 23. Qd2 Ng8 24. Rxg8+ Kxg8 25. Qxh6 f5 26. Qg6+ Kh8 27.
Qh6+ Kg8 28. Qxe6+ Kh8 29. Qh6+ Kg8 30. Qg5+ Kh8 31. Ng6+ Kg8 32. Ne5+ Kh8 33.
Qh6+ 1/2-1/2

[Event "GBR-ch73"]
[Site "Southampton"]
[Date "1986.08.02"]
[Round "6"]
[White "Condie, Mark L"]
[Black "McDonald, Neil R"]
[Result "1/2-1/2"]
[WhiteElo "2410"]
[BlackElo "2495"]
[PlyCount "83"]
[EventDate "1986.07.28"]
[EventType "swiss"]
[EventRounds "11"]
[EventCountry "GBR"]
[SourceTitle "BritBase"]
[Source "John Saunders"]
[SourceDate "2020.09.07"]
[SourceVersion "1"]
[SourceVersionDate "2020.09.07"]
[SourceQuality "2"]

1. Nf3 Nf6 2. d4 g6 3. Bg5 Bg7 4. Nbd2 O-O 5. c3 d5 6. e3 Nc6 7. Be2 h6 8. Bh4
g5 9. Bg3 Nh5 10. Qc2 Nxg3 11. hxg3 f5 12. Nb3 Qd6 13. Bb5 Bd7 14. Bxc6 Bxc6
15. Nc1 Bb5 16. Nd3 Bxd3 17. Qxd3 a5 18. O-O-O a4 19. a3 Ra6 20. Rh5 Qg6 21.
Rdh1 f4 22. Qxg6 Rxg6 23. gxf4 gxf4 24. Nh4 Rb6 25. Nf5 fxe3 26. f3 Re6 27. Re1
c6 28. Nxe3 Rff6 29. Kd2 Rg6 30. Reh1 c5 31. dxc5 d4 32. Ng4 dxc3+ 33. bxc3 b6
34. Rb1 bxc5 35. Rxc5 Rd6+ 36. Ke3 Rc6 37. Rb8+ Kh7 38. Rbb5 Bxc3 39. Kd3 Rxc5
40. Rxc5 Bb2 41. Ra5 Bxa3 42. Rxa4 1/2-1/2

[Event "GBR-ch73"]
[Site "Southampton"]
[Date "1986.08.02"]
[Round "6"]
[White "Conquest, Stuart"]
[Black "Prasad, Devaki"]
[Result "0-1"]
[WhiteElo "2430"]
[BlackElo "2410"]
[PlyCount "68"]
[EventDate "1986.07.28"]
[EventType "swiss"]
[EventRounds "11"]
[EventCountry "GBR"]
[SourceTitle "BritBase"]
[Source "John Saunders"]
[SourceDate "2020.09.07"]
[SourceVersion "1"]
[SourceVersionDate "2020.09.07"]
[SourceQuality "2"]

1. d4 d5 2. c4 dxc4 3. Nf3 Nf6 4. e3 e6 5. Bxc4 a6 6. O-O b5 7. Bb3 Bb7 8. Qe2
c5 9. Rd1 Nbd7 10. Nc3 c4 11. Bc2 Qc7 12. e4 b4 13. Na4 Be7 14. Bg5 h6 15. Bh4
O-O 16. Ne5 Nxe5 17. dxe5 Qxe5 18. Nb6 Rad8 19. Nxc4 Qc7 20. e5 Rxd1+ 21. Rxd1
Nd5 22. Qe4 g6 23. Bxe7 Qxe7 24. Nd6 Ba8 25. Qd4 f5 26. Bb3 Qg5 27. h4 Qh5 28.
Rc1 g5 29. Bd1 Qg6 30. h5 Qg7 31. Rc5 Rd8 32. Ba4 Nf4 33. Qc4 Bxg2 34. Rc7 Qxe5
0-1

[Event "GBR-ch73"]
[Site "Southampton"]
[Date "1986.08.02"]
[Round "6"]
[White "Crawley, Gavin"]
[Black "Kosten, Anthony C"]
[Result "1/2-1/2"]
[WhiteElo "2345"]
[BlackElo "2455"]
[PlyCount "86"]
[EventDate "1986.07.28"]
[EventType "swiss"]
[EventRounds "11"]
[EventCountry "GBR"]
[SourceTitle "BritBase"]
[Source "John Saunders"]
[SourceDate "2020.09.07"]
[SourceVersion "1"]
[SourceVersionDate "2020.09.07"]
[SourceQuality "2"]

1. d4 Nf6 2. Nc3 d5 3. Bg5 Nbd7 4. e3 g6 5. Bd3 Bg7 6. f4 b6 7. Nf3 Bb7 8. Ne5
O-O 9. O-O c5 10. Qf3 cxd4 11. exd4 Ne4 12. Bxe4 dxe4 13. Qh3 Nf6 14. Rad1 Rc8
15. f5 b5 16. Rd2 b4 17. Nd1 Qa5 18. fxg6 hxg6 19. Ne3 b3 20. c3 bxa2 21. Ra1
Rfd8 22. Rf2 Bd5 23. b4 Qc7 24. Nxd5 Rxd5 25. Rfxa2 Qxc3 26. Qxc3 Rxc3 27. Rxa7
Bf8 28. Bxf6 exf6 29. Rd7 Rxd7 30. Nxd7 Bg7 31. Rb1 f5 32. Ne5 Bxe5 33. dxe5
Kf8 34. b5 Rc7 35. Kf2 Ke7 36. Ke3 Kd7 37. b6 Rb7 38. g4 fxg4 39. Kxe4 Kc6 40.
Kf4 Rxb6 41. Rxb6+ Kxb6 42. Kxg4 Kc6 43. Kg5 Kd7 1/2-1/2

[Event "GBR-ch73"]
[Site "Southampton"]
[Date "1986.08.02"]
[Round "6"]
[White "Depasquale, Chris"]
[Black "Giulian, Philip Maurice"]
[Result "1/2-1/2"]
[WhiteElo "2305"]
[BlackElo "2225"]
[PlyCount "50"]
[EventDate "1986.07.28"]
[EventType "swiss"]
[EventRounds "11"]
[EventCountry "GBR"]
[SourceTitle "BritBase"]
[Source "John Saunders"]
[SourceDate "2020.09.07"]
[SourceVersion "1"]
[SourceVersionDate "2020.09.07"]
[SourceQuality "2"]

1. g3 g6 2. Bg2 Bg7 3. e4 c5 4. Ne2 Nc6 5. O-O d6 6. c3 e5 7. Na3 Nge7 8. Nc2
d5 9. exd5 Nxd5 10. d4 cxd4 11. cxd4 exd4 12. Nexd4 Nxd4 13. Nxd4 O-O 14. Nb3
Nb4 15. Qxd8 Rxd8 16. Nc5 Bd4 17. Bxb7 Bxb7 18. Nxb7 Rd5 19. Bh6 Rb8 20. Rac1
Bb6 21. Nd6 Rxd6 22. Bf4 Rbd8 23. Bxd6 Rxd6 24. a3 Nd3 25. Rc2 Kf8 1/2-1/2

[Event "GBR-ch73"]
[Site "Southampton"]
[Date "1986.08.02"]
[Round "6"]
[White "Dunnington, Angus J"]
[Black "Kwiatkowski, Feliks J"]
[Result "1/2-1/2"]
[WhiteElo "2280"]
[BlackElo "2250"]
[PlyCount "50"]
[EventDate "1986.07.28"]
[EventType "swiss"]
[EventRounds "11"]
[EventCountry "GBR"]
[SourceTitle "BritBase"]
[Source "John Saunders"]
[SourceDate "2020.09.07"]
[SourceVersion "1"]
[SourceVersionDate "2020.09.07"]
[SourceQuality "2"]

1. e4 c5 2. Nc3 e6 3. f4 d5 4. Nf3 Nf6 5. e5 Nfd7 6. Bb5 Be7 7. d4 Nc6 8. Be3
O-O 9. O-O Qb6 10. Bxc6 bxc6 11. Na4 Qa5 12. Nxc5 Nxc5 13. dxc5 Ba6 14. Rf2
Bxc5 15. Bxc5 Qxc5 16. c3 Qc4 17. Qd2 c5 18. b3 Qd3 19. Rd1 Qxd2 20. Rfxd2 Bb7
21. Kf2 Rfc8 22. Rc1 Rc7 23. c4 d4 24. b4 Bxf3 25. Kxf3 cxb4 1/2-1/2

[Event "GBR-ch73"]
[Site "Southampton"]
[Date "1986.08.02"]
[Round "6"]
[White "Emms, John"]
[Black "Levitt, Jonathan"]
[Result "0-1"]
[WhiteElo "2305"]
[BlackElo "2455"]
[PlyCount "142"]
[EventDate "1986.07.28"]
[EventType "swiss"]
[EventRounds "11"]
[EventCountry "GBR"]
[SourceTitle "BritBase"]
[Source "John Saunders"]
[SourceDate "2020.09.07"]
[SourceVersion "1"]
[SourceVersionDate "2020.09.07"]
[SourceQuality "2"]

1. Nf3 Nf6 2. b3 g6 3. Bb2 Bg7 4. c4 O-O 5. g3 d6 6. Bg2 e5 7. O-O c6 8. Nc3
Nbd7 9. Rc1 Re8 10. e4 Nc5 11. d3 a5 12. h3 Bd7 13. Ne1 b5 14. Nc2 b4 15. Ne2
Qb6 16. Ne3 a4 17. Rb1 Ne6 18. Qc2 Nd4 19. Nxd4 exd4 20. c5 Qxc5 21. Qxc5 dxc5
22. Nc4 Be6 23. Nd2 Bf8 24. f4 h5 25. Rfc1 Red8 26. Rc2 Ne8 27. e5 Ra6 28. Nc4
Bd5 29. g4 f5 30. exf6 Nxf6 31. Re1 hxg4 32. hxg4 Nxg4 33. Bh3 Nh6 34. Ne5 axb3
35. axb3 Kg7 36. Kh2 Bd6 37. Rg1 Kh7 38. Rf2 Ra2 39. Bxd4 Bxb3 40. Bb2 Rg8 41.
Nd7 Be7 42. Re2 Bh4 43. Nxc5 Bd5 44. Ne4 Re8 45. Rgg2 Rf8 46. Be5 b3 47. Rb2
Nf7 48. Bc3 Nd6 49. Rg4 Be7 50. f5 Nxf5 51. Ng5+ Bxg5 52. Rxg5 Rxb2+ 53. Bxb2
Re8 54. Bg2 Nh6 55. Bf1 Re1 56. Rg1 Re3 57. Rg3 Re1 58. Rg1 Re8 59. Bc3 Re3 60.
Rg3 Nf5 61. Rxe3 Nxe3 62. Be2 Be6 63. Kg3 Nd5 64. Be5 Nb6 65. Bf3 Bd5 66. Bd1
Na4 67. Kf4 b2 68. Bc2 Ba2 69. Bxb2 Nxb2 70. Ke5 Bd5 71. Kd4 Kh6 0-1

[Event "GBR-ch73"]
[Site "Southampton"]
[Date "1986.08.02"]
[Round "6"]
[White "Hebden, Mark L"]
[Black "Mestel, A Jonathan"]
[Result "0-1"]
[WhiteElo "2440"]
[BlackElo "2505"]
[PlyCount "50"]
[EventDate "1986.07.28"]
[EventType "swiss"]
[EventRounds "11"]
[EventCountry "GBR"]
[SourceTitle "BritBase"]
[Source "John Saunders"]
[SourceDate "2020.09.07"]
[SourceVersion "1"]
[SourceVersionDate "2020.09.07"]
[SourceQuality "2"]

1. e4 c5 2. f4 d5 3. Nc3 dxe4 4. Nxe4 e6 5. Nf3 Nc6 6. g3 Nf6 7. Nf2 g6 8. Bg2
Bg7 9. O-O O-O 10. Nd3 Ng4 11. Nxc5 Qb6 12. d4 Nxd4 13. Nxd4 Qxc5 14. Qxg4 e5
15. Qf3 e4 16. Qxe4 Bf5 17. Qxb7 Bxd4+ 18. Kh1 Qxc2 19. Qb3 Rac8 20. Qxc2 Rxc2
21. Re1 Rb8 22. Bd5 Rd8 23. Bb3 Rf2 24. h4 Bg4 25. Bd1 Bxd1 0-1